01061nam a2200277 a 4500001001000000003000500010005001700015008004100032010001100073011001100084020003200095020003200127040000900159082001600168100003400184245022800218260004700446300004500493490003500538650005500573650002200628650001400650700004100664700004300705830003500748000110217CHAP20220329144122.0140804s2013 mx a |r| |||||||spa d a106679 a107651 a978-607-12-0325-0 (volumen) a9786071203243 (colección) cCHAP04a633.83bM3700aMartínez Pérez, Dámaso.13aLa pimienta gorda en México (Pimienta dioica L. Merril) :bavances y retos en la gestión de la innovación /cpor Dámaso Martínez Pérez, Marcos Antonio Hernández García y Enrique Genaro Martínez González. aChapingo, Méx. :bUACH. CIESTAAM,c2013. a72 p. :bil., gráfs., diags., cuadros.1 aColección Trópico húmedo14aAgriculturaxInnovaciones tecnológicaszMéxico14aPimenta dióica.14aPimienta.0 aHernández García, Marco Antonio.0 aMartínez González, Enrique Genaro. 0aColección Trópico húmedo